| 000 | 01399nam a22001457a 4500 | ||
|---|---|---|---|
| 999 |
_c530582 _d530582 |
||
| 008 | 250624b ||||| |||| 00| 0 eng d | ||
| 100 |
_aSingh, Rajkumar Jackson _954721 |
||
| 245 | _aRitual Politics as a Cultural Intervention to Political Movements | ||
| 260 | _aEconomic & Political Weekly | ||
| 300 | _a60(23), Jun 07, 2025: p.62-70 | ||
| 520 | _aRitual has been extensively theorised across social science disciplines, with sacredness often seen as its defining feature. This perspective has reinforced the notion of ritual as static and conservative, making it easy for authoritative institutions to manipulate. However, a different view recognises the potential of ritual for change and transformation, particularly in political contexts and protest movements. The concept of ritual politics articulates this creativity, making visible the unseen cultural symbols and religious spirits that still deeply occupy the minds of the people and their politics. Movements or protests, or any minor acts of resistance, have always taken recourse and inspiration from everyday life experiences within the cultural realm. -Reproduced https://www.epw.in/journal/2025/23/special-articles/ritual-politics-cultural-intervention-political.html | ||
| 650 |
_aRitual, cultural symbols and religious spirits, Movements or Protests, Politics _954722 |
||
| 773 | _0Economic & Political Weekly | ||
| 942 | _cAR | ||